[Event "Philadelphia int op 11th"]
[Site "Philadelphia"]
[Date "2017.06.24"]
[Round "1"]
[White "Nakar, Eylon"]
[Black "Macaspac, Arthur"]
[Result "1-0"]
[WhiteElo "2476"]
[BlackElo "2059"]
[PlyCount "75"]
[EventDate "2017.06.24"]
[EventType "swiss"]
[EventRounds "9"]
[EventCountry "USA"]
[SourceTitle "CBM 179 Extra"]
[Source "ChessBase"]
[SourceDate "2017.08.23"]
[SourceVersion "1"]
[SourceVersionDate "2017.08.23"]
[SourceQuality "1"]

1. e4 c5 2. Nf3 d6 3. d4 cxd4 4. Qxd4 Nc6 5. Bb5 Bd7 6. Bxc6 Bxc6 7. c4 Nf6 8. Nc3 g6 9. 0-0 Bg7 10. Qd3 0-0 11. Nd4 Bd7 12. f3 a6 13. a4 Ne8 14. Be3 b6 15. Rfd1 Rb8 16. Rac1 Nc7 17. b3 Ne6 18. Nd5 Nc5 19. Qc2 Re8 20. Rb1 Qc8 21. Qf2 a5 22. Qh4 f6 23. Nb5 Bxb5 24. axb5 Rb7 25. Qf2 Qe6 26. Qe2 Kh8 27. Re1 Qf7 28. b4 axb4 29. Nxb4 f5 30. exf5 gxf5 31. Nc6 f4 32. Bf2 e5 33. Rbd1 Bf8 34. Bxc5 bxc5 35. Qe4 Rd7 36. b6 Re6 37. b7 Rxb7 38. Nd8 1-0